[Event "Calvia Amateur op 19th"]
[Site "Calvia"]
[Date "2022.10.13"]
[Round "6"]
[White "Moore, Graham J"]
[Black "Hrbolka, Ladislav"]
[Result "1/2-1/2"]
[WhiteElo "2218"]
[BlackElo "2046"]
[PlyCount "64"]
[EventDate "2022.10.08"]
[EventType "swiss"]
[EventRounds "9"]
[EventCountry "ESP"]
[SourceTitle "CBM 210 Extra"]
[Source "ChessBase"]
[SourceDate "2022.11.30"]
[SourceVersion "1"]
[SourceVersionDate "2022.11.30"]
[SourceQuality "1"]

1. e4 c5 2. Nf3 Nc6 3. d4 cxd4 4. Nxd4 e6 5. Nc3 d6 6. Be2 Nf6 7. g4 h6 8. Be3 a6 9. Qd2 Qc7 10. f4 Nxd4 11. Qxd4 e5 12. Qd1 exf4 13. Bxf4 Be6 14. Qd2 Rc8 15. 0-0-0 Qa5 16. Bxd6 Rxc3 17. Qxc3 Qg5+ 18. Kb1 Nxe4 19. Qc7 Bxd6 20. Rxd6 Nxd6 21. Qxd6 Qd8 22. Qxd8+ Kxd8 23. Bf3 Kc7 24. Rd1 Re8 25. c4 f5 26. Rd4 g5 27. Kc1 fxg4 28. Bxg4 Bxg4 29. Rxg4 Re1+ 30. Kd2 Rh1 31. Rg2 Kd6 32. Kd3 Ke5 1/2-1/2

[Event "GBR-ch 106th"]
[Site "Torquay"]
[Date "2019.07.31"]
[Round "5"]
[White "Krzyzanowski, Patryk"]
[Black "Moore, Graham J"]
[Result "1/2-1/2"]
[WhiteElo "2114"]
[BlackElo "2264"]
[PlyCount "110"]
[EventDate "2019.07.27"]
[EventType "swiss"]
[EventRounds "9"]
[EventCountry "ENG"]
[SourceTitle "CBM 191 Extra"]
[Source "ChessBase"]
[SourceDate "2019.09.30"]
[SourceVersion "1"]
[SourceVersionDate "2019.09.30"]
[SourceQuality "1"]

1. Nf3 d5 2. d4 Nf6 3. c4 e6 4. g3 dxc4 5. Bg2 a6 6. 0-0 Nc6 7. Ne5 Nxe5 8. dxe5 Qxd1 9. Rxd1 Nd7 10. Rd4 Nxe5 11. Bf4 Bd6 12. Nd2 Bd7 13. Ne4 Ke7 14. Rad1 Rhd8 15. Nxd6 cxd6 16. Bxb7 Rab8 17. Rxd6 Rxb7 18. Bxe5 f6 19. Bc3 Ra8 20. Bb4 Ke8 21. a3 e5 22. f4 exf4 23. gxf4 Bb5 24. e4 Kf7 25. e5 Re8 26. Bc3 fxe5 27. fxe5 Re6 28. Rf1+ Ke7 29. Bb4 Rxd6 30. exd6+ Ke6 31. Re1+ Kf5 32. Ba5 Rd7 33. Bc7 Kg4 34. Re3 g6 35. Kf2 h6 36. Ke1 g5 37. Kd2 Rf7 38. Rg3+ Kh4 39. Kc3 g4 40. a4 Bxa4 41. Kxc4 Rf2 42. Bd8+ Kh5 43. h3 Rxb2 44. Rxg4 Bd7 45. Re4 Rc2+ 46. Kd4 Rc8 47. Rh4+ Kg6 48. Ba5 Kg5 49. Be1 Rf8 50. Re4 Bxh3 51. Bd2+ Kg6 52. Rh4 Bd7 53. Rxh6+ Kg7 54. Rh5 Rf5 55. Rxf5 Bxf5 1/2-1/2

[Event "GBR-ch 106th"]
[Site "Torquay"]
[Date "2019.07.27"]
[Round "1"]
[White "Pert, Nicholas"]
[Black "Moore, Graham J"]
[Result "1-0"]
[WhiteElo "2563"]
[BlackElo "2264"]
[PlyCount "139"]
[EventDate "2019.07.27"]
[EventType "swiss"]
[EventRounds "9"]
[EventCountry "ENG"]
[SourceTitle "CBM 191 Extra"]
[Source "ChessBase"]
[SourceDate "2019.09.30"]
[SourceVersion "1"]
[SourceVersionDate "2019.09.30"]
[SourceQuality "1"]

1. d4 d5 2. c4 e6 3. Nf3 Nf6 4. Nc3 Be7 5. Bf4 0-0 6. e3 b6 7. Bd3 dxc4 8. Bxc4 Ba6 9. Qe2 Bxc4 10. Qxc4 c5 11. dxc5 bxc5 12. 0-0 Nc6 13. Rfd1 Qa5 14. Qa4 Rfc8 15. Rac1 Qxa4 16. Nxa4 Nb4 17. a3 Nbd5 18. Be5 Nb6 19. Nc3 a6 20. Kf1 Ra7 21. Rc2 Rb7 22. Rdc1 Nfd7 23. Bg3 Rd8 24. Nd2 Nf6 25. Ke2 h6 26. f3 Nfd5 27. Nce4 c4 28. Be5 f5 29. Nf2 c3 30. Bxc3 Nxc3+ 31. Rxc3 Na4 32. Rc8 Nxb2 33. Rxd8+ Bxd8 34. Rc8 Rd7 35. Rc6 a5 36. Nb3 e5 37. Rc2 Na4 38. Nd3 Bc7 39. e4 fxe4 40. fxe4 Bd6 41. Nxa5 Bxa3 42. Nc4 Bd6 43. Ndxe5 Bxe5 44. Nxe5 Re7 45. Rc4 Rxe5 46. Rxa4 Rb5 47. Ra3 Kf7 48. Kf3 Kf6 49. h4 Rb1 50. Ra6+ Ke5 51. Ra7 Rb3+ 52. Kg4 g6 53. Re7+ Kf6 54. Re8 Re3 55. Kf4 Re2 56. g3 Rf2+ 57. Ke3 Rg2 58. Kf3 Ra2 59. Rb8 Ra1 60. Rb6+ Kf7 61. Kf4 Ra5 62. Rb7+ Kf6 63. Rb6+ Kf7 64. Rd6 g5+ 65. hxg5 hxg5+ 66. Kg4 Re5 67. Rd4 Kg6 68. Kf3 Re8 69. Rd6+ Kh5 70. g4+ 1-0

[Event "Hastings Masters op 94th"]
[Site "Hastings"]
[Date "2019.01.03"]
[Round "7"]
[White "Rayner, Francis"]
[Black "Moore, Graham J"]
[Result "0-1"]
[WhiteElo "2048"]
[BlackElo "2235"]
[PlyCount "122"]
[EventDate "2018.12.28"]
[EventType "swiss"]
[EventRounds "10"]
[EventCountry "ENG"]
[SourceTitle "CBM 188 Extra"]
[Source "ChessBase"]
[SourceDate "2019.02.26"]
[SourceVersion "1"]
[SourceVersionDate "2019.02.26"]
[SourceQuality "1"]

1. c4 e5 2. g3 c6 3. d4 e4 4. Nc3 d5 5. Qb3 Nf6 6. cxd5 cxd5 7. Bg5 Nbd7 8. Nh3 Qa5 9. Bg2 Bb4 10. 0-0 h6 11. Bd2 0-0 12. Rfd1 Bxc3 13. Bxc3 Qa6 14. Nf4 Nb6 15. Bb4 Re8 16. e3 Bd7 17. Rdc1 g5 18. Bf1 Bb5 19. Bxb5 Qxb5 20. Nh3 Nc4 21. a4 Na5 22. Qc3 Qd7 23. Kg2 Rac8 24. Qe1 Rxc1 25. Rxc1 Nc4 26. Qc3 Rc8 27. b3 Nd6 28. Qd2 Nf5 29. Ng1 Rxc1 30. Qxc1 b6 31. h3 h5 32. a5 h4 33. g4 Ng7 34. axb6 axb6 35. Qf1 Ne6 36. Qa6 Qc6 37. Qa7 Kg7 38. Qb8 Ne8 39. Qe5+ f6 40. Qb8 Kg6 41. Qa7 N8g7 42. Qa4 Qc2 43. Qb5 Qxb3 44. Qxb6 Qc4 45. Qd6 Nf4+ 46. exf4 gxf4 47. Bc5 f3+ 48. Nxf3 exf3+ 49. Kxf3 Qf1 50. Qf4 Qxh3+ 51. Ke2 Qb3 52. Be7 Qb6 53. Kf3 Kf7 54. Bc5 Qb3+ 55. Kg2 Ne6 56. Qd6 h3+ 57. Kh2 Qf3 58. Qe7+ Kg6 59. Qe8+ Kg7 60. Qe7+ Kh6 61. g5+ Kxg5 0-1

[Event "Hastings Masters op 94th"]
[Site "Hastings"]
[Date "2019.01.01"]
[Round "5"]
[White "Moore, Graham J"]
[Black "Sarkar, Justin"]
[Result "1/2-1/2"]
[WhiteElo "2235"]
[BlackElo "2345"]
[PlyCount "64"]
[EventDate "2018.12.28"]
[EventType "swiss"]
[EventRounds "10"]
[EventCountry "ENG"]
[SourceTitle "CBM 188 Extra"]
[Source "ChessBase"]
[SourceDate "2019.02.26"]
[SourceVersion "1"]
[SourceVersionDate "2019.02.26"]
[SourceQuality "1"]

1. e4 c6 2. d4 d5 3. Nd2 dxe4 4. Nxe4 Nf6 5. Nxf6+ gxf6 6. Nf3 Bf5 7. Bd3 Nd7 8. 0-0 Bg6 9. Bf4 Bg7 10. Re1 0-0 11. Nh4 e6 12. Nxg6 hxg6 13. Qd2 Re8 14. Rad1 f5 15. Be2 a5 16. Bf3 a4 17. h4 Qxh4 18. Bg5 Qh7 19. Qb4 Ra7 20. Qd6 Nf6 21. d5 cxd5 22. Bxd5 Ra6 23. Qb4 exd5 24. Bxf6 Rxe1+ 25. Rxe1 Re6 26. Rxe6 fxe6 27. Bxg7 Qxg7 28. Qxa4 Qxb2 29. Qe8+ Kh7 30. Qxe6 Qc1+ 31. Kh2 Qf4+ 32. Kg1 Qc1+ 1/2-1/2

[Event "BCF-chT2a 1819 (4NCL)"]
[Site "England"]
[Date "2018.11.10"]
[Round "1.33"]
[White "Moore, Graham J"]
[Black "Mason, Donald"]
[Result "1-0"]
[WhiteElo "2240"]
[BlackElo "2165"]
[PlyCount "79"]
[EventDate "2018.11.10"]
[EventType "team-tourn"]
[EventRounds "11"]
[EventCountry "ENG"]
[SourceTitle "EXT 2021"]
[Source "ChessBase"]
[SourceDate "2020.10.23"]
[SourceVersion "1"]
[SourceVersionDate "2020.10.23"]
[SourceQuality "1"]
[WhiteTeam "Anglian Avengers"]
[BlackTeam "Warwicks Select"]
[WhiteTeamCountry "ENG"]
[BlackTeamCountry "ENG"]

1. e4 e6 2. d3 d5 3. Nd2 Nf6 4. Ngf3 c5 5. g3 Nc6 6. Bg2 Be7 7. 0-0 0-0 8. Re1 b5 9. e5 Nd7 10. Nf1 Qc7 11. Bf4 Bb7 12. h4 Rfc8 13. h5 h6 14. Qd2 Qd8 15. N1h2 a5 16. g4 b4 17. c4 bxc3 18. bxc3 a4 19. g5 hxg5 20. Nxg5 Ndxe5 21. Nxe6 fxe6 22. Bxe5 Nxe5 23. Rxe5 Bd6 24. Rxe6 Ra6 25. Qe2 Qg5 26. Rb1 Rc7 27. Ng4 Kh7 28. Rg6 Qf5 29. Qf3 Bc8 30. Qxd5 Qxd5 31. Bxd5 Re7 32. Be4 Kh8 33. f3 a3 34. Kf2 Be6 35. c4 Kg8 36. Nf6+ Kf8 37. Nd5 Rf7 38. Rxe6 Bg3+ 39. Kxg3 Rxe6 40. Rb8+ 1-0

[Event "Nottingham 4NCL op 20th"]
[Site "Nottingham"]
[Date "2018.09.29"]
[Round "2"]
[White "Moore, Graham J"]
[Black "Middleton, Paul G"]
[Result "1-0"]
[WhiteElo "2247"]
[BlackElo "1552"]
[PlyCount "63"]
[EventDate "2018.09.28"]
[EventType "swiss"]
[EventRounds "5"]
[EventCountry "ENG"]
[SourceTitle "CBM 186 Extra"]
[Source "ChessBase"]
[SourceDate "2018.08.24"]
[SourceVersion "1"]
[SourceVersionDate "2018.08.24"]
[SourceQuality "1"]

1. e4 c5 2. Nf3 d6 3. d4 cxd4 4. Nxd4 Nf6 5. Nc3 a6 6. h3 e6 7. g4 Be7 8. Be3 Nc6 9. g5 Nd7 10. h4 Qc7 11. h5 Nc5 12. a3 b5 13. Nxc6 Qxc6 14. Bg2 Bb7 15. Rg1 Qc7 16. Qg4 0-0 17. h6 Na4 18. Nxa4 bxa4 19. hxg7 Kxg7 20. Bd4+ e5 21. Bc3 Bc8 22. Qh5 Rh8 23. Qh6+ Kg8 24. 0-0-0 Bf8 25. Qh4 Bg7 26. Bh3 Bxh3 27. Qxh3 Rc8 28. Rxd6 Bf8 29. Rd5 Bxa3 30. bxa3 Qxc3 31. Rd8+ Kg7 32. Qh6# 1-0

[Event "GBR-ch 105th"]
[Site "Hull"]
[Date "2018.07.30"]
[Round "3"]
[White "Roberson, Peter T"]
[Black "Moore, Graham J"]
[Result "1-0"]
[WhiteElo "2401"]
[BlackElo "2218"]
[PlyCount "71"]
[EventDate "2018.07.28"]
[EventType "swiss"]
[EventRounds "9"]
[EventCountry "ENG"]
[SourceTitle "CBM 185 Extra"]
[Source "ChessBase"]
[SourceDate "2018.07.29"]
[SourceVersion "1"]
[SourceVersionDate "2018.07.29"]
[SourceQuality "1"]

1. e4 e6 2. d4 d5 3. Nd2 c5 4. Ngf3 cxd4 5. exd5 Qxd5 6. Bc4 Qd6 7. 0-0 Nf6 8. Nb3 Nc6 9. Nbxd4 Nxd4 10. Nxd4 a6 11. Re1 Qc7 12. Bf1 Bd6 13. g3 0-0 14. Bg5 Ne8 15. Qf3 Qb6 16. Nb3 Bd7 17. Rad1 Bc6 18. Qg4 Qb4 19. c4 Bb5 20. Bd2 Qa4 21. Bc3 Be7 22. Nd4 Bd7 23. b3 Qa3 24. Bg2 Nf6 25. Qe2 Bc8 26. Nf5 Bb4 27. Nh6+ Kh8 28. Qd2 Bxc3 29. Qxc3 Qc5 30. Rd8 Qe7 31. Rxf8+ Qxf8 32. Rd1 Qe7 33. Rd8+ Ne8 34. Qb4 Qxb4 35. Rxe8+ Qf8 36. Rxf8# 1-0

[Event "GBR-ch 104th"]
[Site "Llandudno"]
[Date "2017.08.04"]
[Round "7"]
[White "Longson, Alexander"]
[Black "Moore, Graham J"]
[Result "1-0"]
[WhiteElo "2323"]
[BlackElo "2155"]
[PlyCount "67"]
[EventDate "2017.07.29"]
[EventType "swiss"]
[EventRounds "9"]
[EventCountry "WLS"]
[SourceTitle "CBM 179 Extra"]
[Source "ChessBase"]
[SourceDate "2017.08.23"]
[SourceVersion "1"]
[SourceVersionDate "2017.08.23"]
[SourceQuality "1"]

1. e4 e6 2. d4 d5 3. Nc3 Nf6 4. e5 Nfd7 5. f4 c5 6. Nf3 Nc6 7. Be3 cxd4 8. Nxd4 Bc5 9. Qd2 0-0 10. 0-0-0 Nxd4 11. Bxd4 a6 12. Qf2 b6 13. Be3 f6 14. exf6 Qxf6 15. g3 Bb7 16. Bg2 Bxe3+ 17. Qxe3 d4 18. Ne4 dxe3 19. Nxf6+ Nxf6 20. Bxb7 Ra7 21. Bf3 g5 22. fxg5 Nd5 23. Bg4 Re7 24. Rhe1 Rf2 25. c4 Kf8 26. Kb1 Rc7 27. Bxe6 Nb4 28. Rxe3 Rxh2 29. a3 Nc6 30. Bd5 Na5 31. Rf1+ Kg7 32. Re8 Kg6 33. Rg8+ Rg7 34. Be4+ 1-0

[Event "BCF-chT3Sb 1617 (4NCL)"]
[Site "England"]
[Date "2017.03.18"]
[Round "7.83"]
[White "Moore, Graham J"]
[Black "Okhai, Shabir"]
[Result "0-1"]
[WhiteElo "2099"]
[BlackElo "2105"]
[PlyCount "96"]
[EventDate "2016.11.26"]
[EventType "team-tourn"]
[EventRounds "11"]
[EventCountry "ENG"]
[SourceTitle "EXT 2019"]
[Source "ChessBase"]
[SourceDate "2018.10.10"]
[SourceVersion "1"]
[SourceVersionDate "2018.10.10"]
[SourceQuality "1"]
[WhiteTeam "Anglian Avengers II"]
[BlackTeam "Fermented Sharks"]
[WhiteTeamCountry "ENG"]
[BlackTeamCountry "ENG"]

1. e4 e5 2. f4 d5 3. exd5 exf4 4. Qf3 Nf6 5. Nc3 Bd6 6. Bb5+ Bd7 7. Nge2 0-0 8. Bxd7 Nbxd7 9. d4 Nb6 10. 0-0 Bb4 11. Bxf4 Bxc3 12. Nxc3 Nfxd5 13. Rae1 Nxf4 14. Qxf4 Qd7 15. Re4 Rae8 16. Rfe1 Nc4 17. Nd5 Rxe4 18. Qxe4 Nd6 19. Qe7 Qa4 20. Nxc7 Qxd4+ 21. Kh1 g6 22. c3 Qd2 23. Qe2 Qxe2 24. Rxe2 Nc4 25. Nb5 Rd8 26. Nd4 Kf8 27. b3 Nd6 28. Kg1 Re8 29. Kf2 Ne4+ 30. Kf3 Nxc3 31. Rc2 Nd5 32. Rc5 Nb4 33. Rb5 Nxa2 34. Rxb7 a6 35. Rb6 Ra8 36. Nc6 Nc3 37. Rb7 Re8 38. Ra7 Nd5 39. Rd7 Re6 40. Nd8 Rf6+ 41. Kg3 Nc3 42. Ra7 Ne4+ 43. Kh3 h5 44. Rc7 g5 45. g3 Rf2 46. g4 h4 47. Rd7 Nd2 48. Nxf7 Nf3 0-1

[Event "BCF-chT3Sb 1617 (4NCL)"]
[Site "England"]
[Date "2017.02.12"]
[Round "6.81"]
[White "Moore, Graham J"]
[Black "Forster, Matthew"]
[Result "0-1"]
[WhiteElo "2106"]
[BlackElo "1915"]
[PlyCount "102"]
[EventDate "2016.11.26"]
[EventType "team-tourn"]
[EventRounds "11"]
[EventCountry "ENG"]
[SourceTitle "EXT 2019"]
[Source "ChessBase"]
[SourceDate "2018.10.10"]
[SourceVersion "1"]
[SourceVersionDate "2018.10.10"]
[SourceQuality "1"]
[WhiteTeam "Anglian Avengers II"]
[BlackTeam "Sussex Martlets II"]
[WhiteTeamCountry "ENG"]
[BlackTeamCountry "ENG"]

1. e4 c5 2. Nf3 g6 3. d4 cxd4 4. Nxd4 Bg7 5. Nc3 Nc6 6. Be3 Nf6 7. Be2 d6 8. Nb3 Be6 9. f4 Rc8 10. 0-0 0-0 11. f5 Bd7 12. g4 Ne5 13. g5 Rxc3 14. bxc3 Nxe4 15. fxg6 hxg6 16. Bd4 Qc7 17. Qe1 Rc8 18. c4 Nxg5 19. Qh4 Qxc4 20. Kf2 Nh3+ 21. Ke1 Qb4+ 22. Kd1 Bf6 23. Rxf6 exf6 24. Qxf6 Bf5 25. Rc1 Nf4 26. c3 Qa4 27. Qxd6 Nxe2 28. Bxe5 Re8 29. Qf6 Rxe5 30. Qxe5 Nxc1 31. Kxc1 Qxa2 32. Qe8+ Kg7 33. Qe5+ Kh7 34. Nd4 Qb1+ 35. Kd2 Qd3+ 36. Ke1 Qe4+ 37. Qxe4 Bxe4 38. Ke2 f5 39. Nb5 a6 40. Nd6 Bc6 41. Ke3 Kh6 42. Kf4 Kh5 43. Kg3 a5 44. Nc4 a4 45. Na3 g5 46. c4 f4+ 47. Kf2 Kh4 48. Nb1 Kh3 49. Kg1 g4 50. c5 f3 51. Nc3 a3 0-1

[Event "BCF-chT2b 1516 (4NCL)"]
[Site "England"]
[Date "2016.02.14"]
[Round "6.29"]
[White "Moore, Graham J"]
[Black "Martin, Peter"]
[Result "1/2-1/2"]
[WhiteElo "2207"]
[BlackElo "2096"]
[PlyCount "79"]
[EventDate "2015.11.14"]
[EventType "team-tourn"]
[EventRounds "7"]
[EventCountry "ENG"]
[SourceTitle "CBM 170 Extra"]
[Source "ChessBase"]
[SourceDate "2016.02.25"]
[SourceVersion "1"]
[SourceVersionDate "2016.02.25"]
[SourceQuality "1"]
[WhiteTeam "Anglian Avengers"]
[BlackTeam "Downend & Fishponds"]
[WhiteTeamCountry "ENG"]
[BlackTeamCountry "ENG"]

1. e4 c5 2. Nf3 g6 3. d4 cxd4 4. Nxd4 Bg7 5. Nc3 Nc6 6. Be3 Nf6 7. Be2 0-0 8. Nb3 d6 9. f4 a6 10. 0-0 b5 11. Bf3 Bb7 12. Qe1 Qc7 13. a3 e6 14. Rd1 Rfd8 15. Bf2 Nd7 16. Bh4 Rdc8 17. Qd2 Nb6 18. Qxd6 Nc4 19. Qxc7 Rxc7 20. e5 Bf8 21. Rb1 N6a5 22. Ne4 Rac8 23. Nxa5 Nxa5 24. c3 Nc4 25. Nf6+ Kg7 26. Bxb7 Rxb7 27. Rfd1 Be7 28. Rd3 h6 29. h3 a5 30. Kf2 Bc5+ 31. Ke2 Be7 32. Rd4 g5 33. fxg5 hxg5 34. Bxg5 Nxe5 35. Nh5+ Kg6 36. Bxe7 Rxe7 37. Nf4+ Kg7 38. Nd3 Nc4 39. Rf1 f5 40. Rc1 1/2-1/2

[Event "Newmarket EACU op"]
[Site "Newmarket"]
[Date "2015.05.31"]
[Round "5"]
[White "Hughes, Roy"]
[Black "Moore, Graham J"]
[Result "0-1"]
[WhiteElo "2010"]
[BlackElo "2114"]
[PlyCount "76"]
[EventDate "2015.05.30"]
[EventType "swiss"]
[EventRounds "5"]
[EventCountry "ENG"]
[SourceTitle "CBM 166 Extra"]
[Source "ChessBase"]
[SourceDate "2015.06.18"]
[SourceVersion "1"]
[SourceVersionDate "2015.06.18"]
[SourceQuality "1"]

1. d4 Nf6 2. Nf3 g6 3. Bf4 Bg7 4. e3 0-0 5. Be2 d6 6. c4 c5 7. h3 Qb6 8. Qb3 Nc6 9. Nc3 Qxb3 10. axb3 b6 11. 0-0 Bf5 12. d5 Nb4 13. Nd2 Bd3 14. Bh2 Nd7 15. Bxd3 Nxd3 16. Rab1 Nxb2 17. Rxb2 Bxc3 18. Rc2 Bg7 19. Re1 a6 20. e4 b5 21. f4 Rfe8 22. e5 b4 23. Nf3 a5 24. Ra2 dxe5 25. fxe5 Nb6 26. e6 fxe6 27. Rxe6 Nxc4 28. Rae2 a4 29. bxc4 a3 30. Rxe7 Rxe7 31. Rxe7 a2 32. Rxg7+ Kxg7 33. Be5+ Kf7 34. Ba1 Ra3 35. Ng5+ Ke8 36. Ne6 Rc3 37. Kf2 Rc2+ 38. Kf3 b3 0-1